000 00393nam a2200157Ia 4500
008 230524s9999 xx 000 0 und d
082 _a658.45
_bVAS
100 _aNeeru Vasishth
245 0 _a"Principles of Management With Case Studies & CD, "
250 _a3RD
260 _aNEW DELHI
_bTaxmann
300 _a700
500 _aQuantity Number: 15
650 _aManagement
942 _cBK
999 _c49220
_d49220